[Event "Hannover Bezirk-ch D"]
[Site "Hannover"]
[Date "2018.10.05"]
[Round "4.1"]
[White "Amelin, Albert"]
[Black "Brandes, Janis"]
[Result "0-1"]
[WhiteElo "1190"]
[BlackElo "1265"]
[PlyCount "106"]
[EventDate "2018.10.04"]
[EventType "swiss"]
[EventRounds "7"]
[EventCountry "GER"]
[SourceTitle "EXT 2022"]
[Source "ChessBase"]
[SourceDate "2021.10.06"]
[SourceVersion "1"]
[SourceVersionDate "2021.10.06"]
[SourceQuality "1"]

1. e4 e6 2. d4 d5 3. e5 c5 4. c3 Nc6 5. Nf3 Qb6 6. Qa4 a6 7. Bb5 Qxb5 8. Qxb5 axb5 9. Be3 cxd4 10. Bxd4 Nh6 11. 0-0 Nf5 12. Nbd2 Nfxd4 13. cxd4 Bb4 14. Nb3 0-0 15. a3 Be7 16. Rfe1 b4 17. a4 b6 18. Nbd2 Ba6 19. Rac1 Rfc8 20. b3 Na5 21. h3 Rxc1 22. Rxc1 Rc8 23. Rxc8+ Bxc8 24. Kf1 f6 25. Ke2 Bd7 26. Ke3 b5 27. axb5 Bxb5 28. Ne1 fxe5 29. dxe5 Nc6 30. f4 Nxe5 31. fxe5 Bg5+ 32. Kd4 Bxd2 33. Nd3 Bxd3 34. Kxd3 Bc3 35. g4 Bxe5 36. Ke3 Kf7 37. Kf3 Kg6 38. h4 h5 39. g5 Kf5 40. Ke3 Kg4 41. Kf2 Kxh4 42. Kf3 Kxg5 43. Kg2 d4 44. Kf2 Kf4 45. Ke2 h4 46. Kf2 h3 47. Kg1 d3 48. Kf1 h2 49. Kg2 d2 50. Kxh2 d1Q 51. Kg2 Qe2+ 52. Kg1 Kg3 53. Kh1 Qe1# 0-1